| 000 | 00805nam a2200229Ii 4500 | ||
|---|---|---|---|
| 003 | JO-AjNU | ||
| 008 | 230605s9999||||xx |||||||||||||| ||und|| | ||
| 017 | _a2010/7362 | ||
| 020 | _a978-977-327-763-9 | ||
| 040 |
_aJO-AjNU _bara _erda _cJO-AjNU |
||
| 041 | _aara | ||
| 050 | 1 | 4 | _aTX911.S 2011 |
| 100 | 3 |
_aابو سماحة ، اسامة راشد/م مشارك عامر، نهلة جابر , _eauthor _932031 |
|
| 245 | 0 | 0 | _aاسس الاشراف الداخلي في المؤسسات الفندقية |
| 250 | _aط1 | ||
| 264 | 3 | 1 | _aالاسكندرية: دار الوفاء للطباعة، 2011 |
| 300 | _a350ص | ||
| 336 |
_atext _btxt _2rdacontent |
||
| 337 |
_aunmediated _bn _2rdamedia |
||
| 338 |
_avolume _bnc _2rdacarrier |
||
| 650 | 4 |
_aالاشراف الداخلي-الفنادق _932032 |
|
| 999 |
_aA12883 _c16451 _d16451 |
||